[Event "8th Sharjah Masters 2025"]
[Site "Sharjah UAE"]
[Date "2025.05.18"]
[Round "2.4"]
[White "Bharath, Subramaniyam H"]
[Black "Indjic, Aleksandar"]
[Result "0-1"]
[WhiteTitle "GM"]
[BlackTitle "GM"]
[WhiteElo "2556"]
[BlackElo "2637"]
[WhiteFideId "46634827"]
[BlackFideId "911925"]
[EventDate "2025.05.17"]

1. d4 Nf6 2. c4 e6 3. Bg5 d5 4. cxd5 exd5 5. Nc3 Be7 6. e3 h6 7. Bh4 O-O 8. Bd3
c6 9. Bg3 Bd6 10. Bxd6 Qxd6 11. h3 Re8 12. Qc2 Nbd7 13. Nf3 Qe7 14. O-O Ne4 15.
b4 Ndf6 16. Rab1 Bf5 17. Na4 Rac8 18. Ne5 Bh7 19. Rfc1 Nd6 20. Bxh7+ Nxh7 21.
Nc5 Ng5 22. a4 a6 23. Qe2 g6 24. Rc2 Kg7 25. Rbc1 h5 26. h4 Nge4 27. g3 Nf6 28.
Kg2 Ra8 29. Ncd3 Nd7 30. Qf3 Nxe5 31. Nxe5 Qe6 32. Nd3 Re7 33. Qf4 Qd7 34. Nc5
Qd8 35. Qf3 Qb6 36. Nd3 Rae8 37. Rb1 Nc4 38. Re2 Qd8 39. Nf4 b5 40. axb5 axb5
41. g4 hxg4 42. Qxg4 Re4 43. Ra1 Rh8 44. Qg5 Qe7 45. Rh1 Qxb4 46. Ra2 Qe7 47.
Ra6 Qxg5+ 48. hxg5 Rc8 49. Ra7 Rb8 50. Rh6 Rxf4 51. exf4 Nd6 52. Rh1 b4 53. Rb1
b3 54. Ra3 b2 55. Rd3 Nc4 56. Kg3 Rb4 57. Kf3 Ra4 58. Ke2 Ra1 59. Rdd1 Ra8 60.
Rd3 Re8+ 61. Kf3 Kf8 62. Rdd1 Re7 63. Rd3 Ke8 64. Rdd1 Kd7 65. Rd3 Re4 66. f5
gxf5 67. Rbd1 c5 68. Rb3 cxd4 69. Kg2 Ke6 70. Rb8 Ke5 71. Rb7 Rg4+ 72. Kf1 Rxg5
73. Ke2 Rh5 74. Re7+ Kd6 75. Rxf7 d3+ 0-1

[Event "8th Sharjah Masters 2025"]
[Site "Sharjah UAE"]
[Date "2025.05.18"]
[Round "2.5"]
[White "Salem, A.R. Saleh"]
[Black "Malek, Jan"]
[Result "1-0"]
[WhiteTitle "GM"]
[BlackTitle "GM"]
[WhiteElo "2631"]
[BlackElo "2511"]
[WhiteFideId "9301348"]
[BlackFideId "21864080"]
[EventDate "2025.05.17"]

1. e4 e5 2. Nf3 Nc6 3. Bb5 a6 4. Ba4 Nf6 5. O-O Be7 6. d3 b5 7. Bb3 d6 8. Bd2
O-O 9. h3 h6 10. Re1 Rb8 11. a3 a5 12. Bd5 Nxd5 13. exd5 Nd4 14. Nxd4 exd4 15.
Bxa5 Bf6 16. Nd2 Bb7 17. Qf3 Ra8 18. Nb3 Be5 19. Bd2 Ra6 20. Na5 Ba8 21. b4 Qd7
22. Rac1 Re8 23. Re2 f6 24. Rce1 Qf7 25. Nc6 Bxc6 26. dxc6 Rxa3 27. Qf5 Rd8 28.
h4 d5 29. Bf4 Ra6 30. Bxe5 fxe5 31. Qxe5 Rxc6 32. Qxd4 Rg6 33. Re5 h5 34. g3 c6
35. Re7 Qf3 36. Qe3 Qg4 37. Re6 Rd6 38. Rxd6 Rxd6 39. Qe8+ Kh7 40. Re5 Rh6 41.
Qf7 Rg6 42. Kg2 Qd1 43. Qf5 Kh6 44. Re8 Kh7 45. Re6 Qg4 46. Qxg6+ Qxg6 47. Rxg6
Kxg6 48. Kf3 Kf5 49. d4 g6 50. c3 g5 51. hxg5 Kxg5 52. Kg2 1-0

[Event "8th Sharjah Masters 2025"]
[Site "Sharjah UAE"]
[Date "2025.05.18"]
[Round "2.6"]
[White "Ivic, Velimir"]
[Black "Vetokhin, Savva"]
[Result "1/2-1/2"]
[WhiteTitle "GM"]
[BlackTitle "GM"]
[WhiteElo "2630"]
[BlackElo "2558"]
[WhiteFideId "950122"]
[BlackFideId "44144474"]
[EventDate "2025.05.17"]

1. e4 e5 2. Nf3 Nc6 3. Bc4 Nf6 4. d3 Be7 5. O-O O-O 6. Re1 d6 7. a3 a5 8. h3 h6
9. Nc3 Be6 10. b3 Qd7 11. Bb5 Qc8 12. Bxc6 bxc6 13. d4 Nd7 14. Bb2 Bf6 15. Ne2
a4 16. b4 exd4 17. Bxd4 Ne5 18. Bxe5 dxe5 19. Nc1 Bc4 20. Nd3 Rd8 21. Qc1 Bxd3
22. cxd3 Rxd3 23. Re3 Rxe3 24. Qxe3 Qe6 25. Rd1 Be7 26. Rd3 c5 27. bxc5 c6 28.
Qc1 Rb8 29. Qc2 Rb3 30. Nd2 Rxd3 31. Qxd3 Bxc5 32. Qc2 Bd4 33. Qxa4 Qa2 34. Qxc6
Bxf2+ 35. Kxf2 Qxd2+ 36. Kg1 Qe3+ 37. Kh2 Qxa3 38. Qe8+ Qf8 1/2-1/2

[Event "8th Sharjah Masters 2025"]
[Site "Sharjah UAE"]
[Date "2025.05.18"]
[Round "2.7"]
[White "Tin, Jingyao"]
[Black "Grebnev, Aleksey"]
[Result "1/2-1/2"]
[WhiteTitle "GM"]
[BlackTitle "GM"]
[WhiteElo "2601"]
[BlackElo "2556"]
[WhiteFideId "5804418"]
[BlackFideId "34189030"]
[EventDate "2025.05.17"]

1. Nf3 d5 2. g3 Nc6 3. d4 Bf5 4. a3 e6 5. Bg2 h6 6. c4 Nf6 7. Nc3 Be7 8. Ne5 O-O
9. Nxc6 bxc6 10. O-O dxc4 11. Qa4 Qxd4 12. Be3 Qe5 13. Bf4 Qc5 14. Be3 Qe5 15.
Qxc6 Rab8 16. Ra2 Nd5 17. Nxd5 exd5 18. Bxd5 Rxb2 19. Qxc4 Rxa2 20. Qxa2 Bxa3
21. Rd1 Bd6 22. Bxa7 Be6 23. Bxe6 1/2-1/2

[Event "8th Sharjah Masters 2025"]
[Site "Sharjah UAE"]
[Date "2025.05.18"]
[Round "2.8"]
[White "Nikitenko, Mihail"]
[Black "Azarov, Sergei"]
[Result "1/2-1/2"]
[WhiteTitle "GM"]
[BlackTitle "GM"]
[WhiteElo "2516"]
[BlackElo "2596"]
[WhiteFideId "13506862"]
[BlackFideId "13501470"]
[EventDate "2025.05.17"]

1. e4 e5 2. Nf3 Nc6 3. Bb5 a6 4. Ba4 Nf6 5. O-O b5 6. Bb3 Bc5 7. c3 d6 8. d4 Bb6
9. Be3 O-O 10. Nbd2 Re8 11. Re1 h6 12. h3 exd4 13. cxd4 Na5 14. Bc2 Bb7 15. Qb1
Nc4 16. Nxc4 bxc4 17. d5 c6 18. Ba4 Rc8 19. Nd2 Bxe3 20. Rxe3 Re7 21. dxc6 Bxc6
22. Qc2 Bxa4 23. Qxa4 d5 24. Qxa6 Re6 25. Qa4 Nxe4 1/2-1/2

[Event "8th Sharjah Masters 2025"]
[Site "Sharjah UAE"]
[Date "2025.05.18"]
[Round "2.9"]
[White "Paravyan, David"]
[Black "Dai, Changren"]
[Result "0-1"]
[WhiteTitle "GM"]
[BlackTitle "GM"]
[WhiteElo "2596"]
[BlackElo "2531"]
[WhiteFideId "4194985"]
[BlackFideId "8608156"]
[EventDate "2025.05.17"]

1. e4 e5 2. Nf3 Nc6 3. Bb5 a6 4. Ba4 Nf6 5. d3 b5 6. Bb3 Bc5 7. Bg5 h6 8. Bh4 d6
9. c3 Ba7 10. Nbd2 g5 11. Bg3 Na5 12. Bc2 Nh5 13. b4 Nc6 14. Bb3 Qf6 15. Bd5 Bd7
16. d4 Nxg3 17. fxg3 g4 18. O-O gxf3 19. Rxf3 Qg5 20. Rxf7 Nxd4 21. cxd4 Bxd4+
22. Kh1 Bxa1 23. Nf3 Qe3 24. Qxa1 O-O-O 25. Qf1 Rhf8 26. Nxe5 Rxf7 27. Nxf7 Re8
28. h3 Qxg3 29. Nxh6 c6 30. Nf5 Qe5 31. Qc1 Kb7 32. Bf7 Rh8 33. Qg5 d5 34. Qg3
Qxg3 35. Nxg3 Rh7 36. Bh5 dxe4 37. Kg1 e3 38. Kf1 Be6 39. Bf3 Bxa2 40. Ke2 Re7
41. Ne4 a5 42. bxa5 b4 43. h4 Ka6 44. h5 b3 45. Nc5+ Kb5 46. Nd3 c5 47. a6 c4
48. Nf4 b2 0-1

[Event "8th Sharjah Masters 2025"]
[Site "Sharjah UAE"]
[Date "2025.05.18"]
[Round "2.10"]
[White "Visakh, N R"]
[Black "Iniyan, Pa"]
[Result "1-0"]
[WhiteTitle "GM"]
[BlackTitle "GM"]
[WhiteElo "2507"]
[BlackElo "2573"]
[WhiteFideId "25012223"]
[BlackFideId "25002767"]
[EventDate "2025.05.17"]

1. d4 d5 2. Bf4 c5 3. e3 Nc6 4. Nf3 Bg4 5. Nbd2 e6 6. Bb5 cxd4 7. exd4 Bd6 8.
Bxd6 Qxd6 9. c3 Nf6 10. O-O O-O 11. Re1 h6 12. Bd3 Nh5 13. h3 Nf4 14. Bf1 Bf5
15. Nb3 g5 16. Ne5 f6 17. Ng4 Bxg4 18. Qxg4 Rae8 19. Rad1 h5 20. Qg3 h4 21. Qg4
Rf7 22. Nc5 e5 23. Nd3 Ne6 24. dxe5 fxe5 25. c4 d4 26. b4 Nf4 27. Nxf4 Rxf4 28.
Qxg5+ Kf7 29. b5 Na5 30. Be2 Re7 31. c5 Qf6 32. Bh5+ Kf8 33. Qxf6+ Rxf6 34. Bf3
Ke8 35. Re4 Kd7 36. Rde1 Nc4 37. Be2 Na3 38. Bg4+ Kd8 39. Rxe5 Rxe5 40. Rxe5
Nxb5 41. Re4 Ra6 42. Be2 Ra5 43. Bxb5 Rxb5 44. Rxd4+ Kc7 45. Rxh4 Rxc5 46. a4 a5
47. Kf1 b5 48. axb5 Rxb5 49. Rc4+ Kb6 50. g4 Rb1+ 51. Kg2 Rb4 52. Rc1 a4 53. g5
a3 54. Ra1 Ra4 55. g6 1-0

[Event "8th Sharjah Masters 2025"]
[Site "Sharjah UAE"]
[Date "2025.05.18"]
[Round "2.11"]
[White "Mamedov, Edgar"]
[Black "Sevian, Samuel"]
[Result "1/2-1/2"]
[WhiteTitle "IM"]
[BlackTitle "GM"]
[WhiteElo "2492"]
[BlackElo "2694"]
[WhiteFideId "13739980"]
[BlackFideId "2040506"]
[EventDate "2025.05.17"]

1. d4 Nf6 2. c4 e6 3. Nf3 b6 4. g3 Ba6 5. b3 Bb4+ 6. Bd2 Be7 7. Nc3 d5 8. cxd5
exd5 9. Bg2 O-O 10. O-O Nbd7 11. Rc1 Re8 12. Ne5 Bb7 13. Rc2 h6 14. Bc1 a6 15.
Bb2 Bd6 16. Nc4 Bb4 17. Nd2 Nf8 18. e3 Ne6 19. Nc4 Rb8 20. Ne5 Bd6 21. Ne2 c5
22. dxc5 bxc5 23. Nf4 Ng5 24. Ng4 Nxg4 25. Qxg4 Bc8 26. Qh4 Bxf4 27. exf4 Nh3+
28. Kh1 Qxh4 29. gxh4 Nxf4 30. Rxc5 Re2 31. Bd4 Nxg2 32. Kxg2 Rxa2 33. Rc3 Bf5
34. Rg3 g6 35. Re1 Be4+ 36. Kg1 Ra3 37. Rc1 Bf5 38. Rc6 h5 39. Rd6 Be6 40. Rc3
Ra1+ 41. Kg2 Rd1 42. Bf6 a5 43. Re3 Rc1 44. Rc3 Rxc3 45. Bxc3 Kh7 46. Bxa5 Rb6
47. b4 Rxb4 48. f3 Rb3 49. Bd8 Kg7 50. Kg3 Rb2 51. Bb6 Re2 52. Bd4+ 1/2-1/2

[Event "8th Sharjah Masters 2025"]
[Site "Sharjah UAE"]
[Date "2025.05.18"]
[Round "2.13"]
[White "Maghsoodloo, Parham"]
[Black "Sethuraman, S.P."]
[Result "1-0"]
[WhiteTitle "GM"]
[BlackTitle "GM"]
[WhiteElo "2706"]
[BlackElo "2552"]
[WhiteFideId "12539929"]
[BlackFideId "5021596"]
[EventDate "2025.05.17"]

1. d4 d5 2. c4 e6 3. Nc3 c5 4. cxd5 exd5 5. Nf3 Nc6 6. dxc5 d4 7. Na4 Bxc5 8.
Nxc5 Qa5+ 9. Bd2 Qxc5 10. Rc1 Qb6 11. e3 Nf6 12. Bc4 dxe3 13. Bxe3 Qb4+ 14. Kf1
Be6 15. Qe2 Bxc4 16. Rxc4 Qe7 17. Nd4 Nd5 18. Nxc6 bxc6 19. Bd4 O-O 20. Qxe7
Nxe7 21. Ke2 Nf5 22. Bc3 Rfe8+ 23. Kd1 Nd6 24. Rxc6 Nb5 25. Ba5 Re5 26. Re1 Rf5
27. f3 Rg5 28. Re4 h5 29. Rc2 Nd6 30. Ra4 Nf5 31. Bb6 a6 32. g3 Rg6 33. Bc5 Rc6
34. b4 Nd6 35. Bd4 Rac8 36. Rxc6 Rxc6 37. Bc5 Nc4 38. Kc2 Kh7 39. Kc3 Nd6 40.
Kd4 Nb5+ 41. Kd3 g5 42. Ra5 Kg6 43. a4 Nc7 44. Be3 Ne6 45. b5 axb5 46. axb5 Rd6+
47. Kc4 f5 48. Ra6 1-0

[Event "8th Sharjah Masters 2025"]
[Site "Sharjah UAE"]
[Date "2025.05.18"]
[Round "2.14"]
[White "Sargissian, Gabriel"]
[Black "Zhu, Jiner"]
[Result "1/2-1/2"]
[WhiteTitle "GM"]
[BlackTitle "GM"]
[WhiteElo "2641"]
[BlackElo "2541"]
[WhiteFideId "13300881"]
[BlackFideId "8608059"]
[EventDate "2025.05.17"]

1. c4 Nf6 2. Nf3 e6 3. g3 d5 4. Bg2 d4 5. d3 Bb4+ 6. Bd2 a5 7. O-O O-O 8. e3 Nc6
9. exd4 Nxd4 10. Nxd4 Qxd4 11. Bc3 Bxc3 12. bxc3 Qd8 13. d4 Rb8 14. Na3 Qe7 15.
Nc2 b6 16. Ne3 Bb7 17. Bxb7 Rxb7 18. Qa4 Rbb8 19. Rfe1 Qe8 20. Qxe8 Rfxe8 21. a4
h5 22. f3 Kf8 23. Kf2 g6 24. Rab1 e5 25. h3 Rbd8 26. Rbd1 exd4 27. cxd4 Rd6 28.
Nc2 Red8 29. g4 hxg4 30. hxg4 Nd7 31. Rb1 Nb8 32. Re4 Na6 33. g5 Nb4 34. Nxb4
axb4 35. d5 c6 36. dxc6 Rxc6 37. Rxb4 f6 38. gxf6 Rxf6 39. Kg3 Rc6 40. Rb5 Ra8
41. Rb4 Rd8 42. Kf2 Rd3 43. Re3 Rd4 44. Rc3 Ke7 45. Ke3 Rh4 46. Kd3 Kd7 47. Rb5
Rf4 48. Ke3 Rfxc4 49. Rxc4 Rxc4 50. Rxb6 Rxa4 1/2-1/2

[Event "8th Sharjah Masters 2025"]
[Site "Sharjah UAE"]
[Date "2025.05.18"]
[Round "2.15"]
[White "Nguyen, Ngoc Truong Son"]
[Black "Kuybokarov, Temur"]
[Result "1-0"]
[WhiteTitle "GM"]
[BlackTitle "GM"]
[WhiteElo "2632"]
[BlackElo "2542"]
[WhiteFideId "12401110"]
[BlackFideId "14203049"]
[EventDate "2025.05.17"]

1. Nf3 Nf6 2. d4 g6 3. c4 Bg7 4. Nc3 d5 5. h4 dxc4 6. e4 c5 7. d5 b5 8. h5 Nxh5
9. Nxb5 Qa5+ 10. Nc3 Nd7 11. Bd2 Rb8 12. Rb1 Qa6 13. Be2 Qd6 14. Qc1 Ne5 15.
Nxe5 Bxe5 16. Bxc4 Ba6 17. Ne2 Bxc4 18. Qxc4 O-O 19. b3 Nf4 20. Nxf4 Bxf4 21.
Bxf4 Qxf4 22. O-O Rfc8 23. a3 a5 24. Rbd1 Rb6 25. Rd3 Qe5 26. Rf3 Qd4 27. Rc1
Rcb8 28. Qxc5 Qxe4 29. Re3 Qf5 30. Rxe7 Rxb3 31. Rce1 Kg7 32. a4 Rb2 33. Qd4+
Qf6 34. Qxf6+ Kxf6 35. Ra7 Rd2 36. Ree7 Rxd5 37. Rxf7+ Kg5 38. Rxh7 Rb4 39. Ra6
Rxa4 40. Rg7 Rd1+ 41. Kh2 Rh4+ 42. Kg3 Rg4+ 43. Kf3 Kh6 44. Raa7 Ra4 45. g3 Rd6
46. Kg2 Ra2 47. Rgf7 g5 48. Kh3 Kg6 49. Rg7+ Kh6 50. Rh7+ Kg6 51. Rhg7+ Kh6 52.
f3 Ra4 53. Rg8 Rad4 54. Rag7 R4d5 55. f4 gxf4 56. g4 1-0

[Event "8th Sharjah Masters 2025"]
[Site "Sharjah UAE"]
[Date "2025.05.18"]
[Round "2.16"]
[White "Woodward, Andy"]
[Black "Predke, Alexandr"]
[Result "1-0"]
[WhiteTitle "GM"]
[BlackTitle "GM"]
[WhiteElo "2547"]
[BlackElo "2631"]
[WhiteFideId "30953499"]
[BlackFideId "24107581"]
[EventDate "2025.05.17"]

1. d4 Nf6 2. c4 e6 3. g3 c5 4. d5 exd5 5. cxd5 d6 6. Nc3 g6 7. Bg2 Bg7 8. Nf3
O-O 9. O-O Re8 10. Bf4 h6 11. Qc1 g5 12. Bd2 Bf5 13. h4 g4 14. Nh2 h5 15. Bf4
Ne4 16. Bxe4 Bxe4 17. Bg5 Qa5 18. Nxe4 Rxe4 19. Bh6 f6 20. Qc2 Qa4 21. b3 Qe8
22. Bf4 Na6 23. e3 Nb4 24. Qd2 Qb5 25. Rfd1 f5 26. Rab1 Qa6 27. a3 Qxa3 28. Bxd6
b6 29. Bc7 Qa2 30. Qe1 Re7 31. d6 Rd7 32. Qf1 Qa6 33. Qg2 Re8 34. Nf1 Qb5 35.
Nd2 Qc6 36. Qf1 Nd5 37. Qg2 Qa8 38. Rbc1 Nc3 39. Qf1 Nxd1 40. Rxd1 Qd5 41. Qb5
Qf7 42. Nc4 Qe6 43. Qa4 f4 44. exf4 Bd4 45. Ne5 Bxe5 46. Re1 Qf7 47. fxe5 Rf8
48. Qc4 Qxc4 49. bxc4 Rxc7 50. dxc7 Kf7 51. e6+ Ke7 52. Re5 a6 53. Rxh5 Rc8 54.
Kf1 Kd6 55. Rh7 b5 56. e7 b4 57. Ke2 a5 58. Rf7 b3 59. Kd2 Re8 60. Rf8 b2 61.
Kc2 1-0

[Event "8th Sharjah Masters 2025"]
[Site "Sharjah UAE"]
[Date "2025.05.18"]
[Round "2.17"]
[White "Ferreira, Jorge Viterbo"]
[Black "Idani, Pouya"]
[Result "0-1"]
[WhiteTitle "GM"]
[BlackTitle "GM"]
[WhiteElo "2537"]
[BlackElo "2630"]
[WhiteFideId "1910850"]
[BlackFideId "12510130"]
[EventDate "2025.05.17"]

1. d4 Nf6 2. c4 e6 3. Nf3 Bb4+ 4. Bd2 Be7 5. Nc3 d5 6. Bf4 O-O 7. e3 b6 8. Bd3
c5 9. cxd5 Nxd5 10. Nxd5 exd5 11. O-O c4 12. Bc2 Nc6 13. Ne5 Nxe5 14. Bxe5 g6
15. Qd2 b5 16. e4 f6 17. Bg3 Be6 18. Rfe1 a5 19. Qh6 Rf7 20. h4 Ra6 21. Rad1 Qd7
22. exd5 Bxd5 23. Be4 Bf8 24. Qf4 a4 25. Qf3 Bxe4 26. Rxe4 a3 27. b3 Qd5 28.
bxc4 bxc4 29. Re8 Qxf3 30. gxf3 Rd7 31. Rc8 Rd5 32. Re1 Ra7 33. Ree8 Rf7 34.
Rxc4 Kg7 35. Bf4 Rb5 36. Re2 Rh5 37. Bg3 Rd7 38. Rd2 Kf7 39. Kf1 Rf5 40. Ke2 h5
41. Rd3 Rb5 42. Rd2 Be7 43. Kd3 g5 44. Rdc2 gxh4 45. Bxh4 Rb1 46. Bg3 Rd1+ 47.
Rd2 Rh1 48. Rc7 Rxc7 49. Bxc7 Ke6 50. Ke4 Re1+ 51. Kf4 Bf8 52. Kg3 Kd5 53. Bb6
Bb4 54. Rd3 Bd6+ 55. Kg2 Re2 56. Bc5 Rxa2 57. Bxd6 Kxd6 58. d5 Ra1 59. Kh2 f5
60. Kg2 f4 61. Kh2 h4 62. Kg2 h3+ 63. Kh2 a2 64. Ra3 Kxd5 65. Ra8 Kc4 66. Ra3
Kb4 67. Ra8 Kb3 68. Rb8+ Kc3 69. Ra8 Kd3 0-1

[Event "8th Sharjah Masters 2025"]
[Site "Sharjah UAE"]
[Date "2025.05.18"]
[Round "2.18"]
[White "Lobanov, Sergei"]
[Black "Mendonca, Leon Luke"]
[Result "1/2-1/2"]
[WhiteTitle "GM"]
[BlackTitle "GM"]
[WhiteElo "2527"]
[BlackElo "2630"]
[WhiteFideId "24183750"]
[BlackFideId "35028561"]
[EventDate "2025.05.17"]

1. d4 d5 2. c4 e6 3. Nc3 c6 4. cxd5 exd5 5. Bf4 Bd6 6. Bxd6 Qxd6 7. Qb3 Ne7 8.
e3 O-O 9. Bd3 Nd7 10. Nf3 Nf6 11. h3 a5 12. Qc2 g6 13. Nh4 b6 14. O-O Bd7 15.
Na4 Rab8 16. a3 Rfc8 17. b4 axb4 18. axb4 c5 19. bxc5 Bxa4 20. cxd6 Bxc2 21.
Bxc2 Rxc2 22. dxe7 Rc7 23. Nf3 Rxe7 24. Rfc1 b5 25. Ne5 Rb6 26. Nc6 Rc7 27. Nb4
Rc4 28. Rcb1 h5 29. Ra7 h4 30. Kh2 Rb8 31. Rb2 Ne4 32. Nxd5 b4 33. Ra4 Kg7 34.
Raxb4 Rbxb4 35. Nxb4 Nxf2 36. Rxf2 Rxb4 37. g3 Rb3 38. Re2 hxg3+ 39. Kxg3 f5 40.
h4 Kf6 41. Kf3 Rb1 42. Rh2 Rf1+ 43. Kg2 Ra1 44. Rh1 Ra8 45. h5 gxh5 46. Rxh5 Ra1
47. Kf3 Rf1+ 48. Ke2 Ra1 49. Rh6+ Ke7 50. Rc6 Rb1 51. Ra6 Kf7 52. Kd2 Rb3 53.
Rc6 Ra3 54. Rc3 Ra6 55. Ke2 Kf6 56. Kf3 Re6 57. Rc8 Kf7 58. Rc4 Re4 59. Rc7+ Kf6
60. Rc6+ Kf7 61. Rh6 Ke7 62. Rh1 Ke6 63. Rf1 Rh4 64. Ke2 Rh2+ 65. Rf2 Rh1 66.
Rf1 Rh2+ 67. Kd3 Rh3 68. Rf2 Rg3 69. Kd2 Rh3 70. Ke2 Rh1 71. Kd3 Rh3 72. Rf1 Rg3
73. Ke2 Rh3 74. Rf3 Rh2+ 75. Kd3 Rh1 76. Rg3 Rd1+ 77. Kc2 Re1 78. Kd2 Rh1 79.
Rg6+ Kf7 80. Rc6 Rh3 81. Rc5 Ke6 82. Ke2 Rg3 83. Kf2 Rh3 84. Re5+ Kf6 85. Kg2
Rh4 86. Kg3 Rg4+ 87. Kf3 Rh4 88. Re8 Kf7 89. Rc8 Re4 90. Rc3 1/2-1/2

[Event "8th Sharjah Masters 2025"]
[Site "Sharjah UAE"]
[Date "2025.05.18"]
[Round "2.19"]
[White "Xu, Xiangyu"]
[Black "Kacharava, Nikolozi"]
[Result "1/2-1/2"]
[WhiteTitle "GM"]
[BlackTitle "GM"]
[WhiteElo "2623"]
[BlackElo "2516"]
[WhiteFideId "8608288"]
[BlackFideId "13611860"]
[EventDate "2025.05.17"]

1. d4 d5 2. c4 e6 3. cxd5 exd5 4. Nc3 c6 5. Bf4 Nf6 6. e3 Bd6 7. Bxd6 Qxd6 8.
Bd3 O-O 9. Nge2 Re8 10. Qc2 a5 11. h3 h6 12. O-O Na6 13. a3 Nc7 14. Rac1 Ne6 15.
Na4 Ng5 16. Nb6 Rb8 17. Nf4 Qd8 18. Nxc8 Rxc8 19. b4 axb4 20. axb4 Nge4 21. b5
Qd6 22. Qb2 Rc7 23. bxc6 bxc6 24. Qb6 Rec8 25. Rc2 c5 26. Qxd6 Nxd6 27. dxc5
Rxc5 28. Rxc5 Rxc5 29. Ra1 Kf8 30. g4 Rc3 31. Bf1 Nde4 32. Ra2 Ke7 33. Kg2 Kd6
34. Ne2 Rc8 35. Nd4 g6 36. Ra7 Nd7 37. h4 Nec5 38. h5 Rb8 39. hxg6 fxg6 40. Bb5
Rb7 41. Ra8 Ne6 42. Ra6+ Nb6 43. Nxe6 Kxe6 44. Be8 g5 45. Bg6 Kd6 46. Bf5 Kc5
47. Ra5+ Kd6 48. Kg3 Nc4 49. Ra8 Ke7 50. Bh7 Nd6 51. Kg2 Rb2 52. Ra6 Rb4 53.
Ra7+ Kf6 54. Ra6 Ke7 55. Bg8 d4 56. exd4 Rxd4 57. f3 Rb4 58. Kf2 Rb8 59. Ba2 Rb4
60. Ke3 Rf4 61. Bd5 Nc4+ 62. Ke2 Nd6 63. Kd3 Nf7 64. Ra7+ Kf8 65. Ke3 Nd6 66.
Rc7 Nf7 67. Rc6 Kg7 68. Be4 Rf6 69. Rc7 Rd6 70. Bc2 Rf6 71. Bb3 Rf4 72. Bd5 Kf8
73. Rd7 Ke8 74. Ra7 Kf8 75. Ra6 Kg7 76. Be4 Rf6 77. Ra5 Nd6 78. Kd4 Nxe4 79.
fxe4 Rf4 80. Ra7+ Kg6 81. Ra6+ Kg7 82. Ra7+ Kg6 83. Ra6+ 1/2-1/2

[Event "8th Sharjah Masters 2025"]
[Site "Sharjah UAE"]
[Date "2025.05.18"]
[Round "2.20"]
[White "Samadov, Read"]
[Black "Daneshvar, Bardiya"]
[Result "1/2-1/2"]
[WhiteTitle "IM"]
[BlackTitle "GM"]
[WhiteElo "2521"]
[BlackElo "2621"]
[WhiteFideId "13417444"]
[BlackFideId "12576468"]
[EventDate "2025.05.17"]

1. d4 Nf6 2. c4 e6 3. Nf3 d5 4. Nc3 c6 5. Bg5 h6 6. Bh4 Be7 7. e3 Nbd7 8. Rc1
O-O 9. Bd3 dxc4 10. Bxc4 a6 11. O-O b5 12. Bd3 Bb7 13. a4 Rc8 14. Qe2 Nb6 15. b3
Nfd7 16. Bg3 Ba3 17. Rc2 Qe7 18. Ne5 Bb4 1/2-1/2

[Event "8th Sharjah Masters 2025"]
[Site "Sharjah UAE"]
[Date "2025.05.18"]
[Round "2.21"]
[White "Theodorou, Nikolas"]
[Black "Madaminov, Mukhiddin"]
[Result "1-0"]
[WhiteTitle "GM"]
[BlackTitle "GM"]
[WhiteElo "2611"]
[BlackElo "2520"]
[WhiteFideId "4262875"]
[BlackFideId "14210703"]
[EventDate "2025.05.17"]

1. e4 e5 2. Bc4 Nf6 3. Nc3 Nxe4 4. Qh5 Nd6 5. Bb3 Be7 6. f4 exf4 7. d4 O-O 8.
Nf3 Nc6 9. Bxf4 g6 10. Qh3 Nf5 11. O-O-O Bf6 12. d5 Ncd4 13. g4 Nxf3 14. gxf5
Nh4 15. d6 Bg5 16. Qg4 Bxf4+ 17. Qxf4 Nxf5 18. h4 cxd6 19. h5 Qf6 20. hxg6 hxg6
21. Qh2 Qg7 22. Rxd6 a5 23. Rxg6 1-0

[Event "8th Sharjah Masters 2025"]
[Site "Sharjah UAE"]
[Date "2025.05.18"]
[Round "2.22"]
[White "Vescovi, Giovanni"]
[Black "Assaubayeva, Bibisara"]
[Result "0-1"]
[WhiteTitle "GM"]
[BlackTitle "IM"]
[WhiteElo "2584"]
[BlackElo "2494"]
[WhiteFideId "2100789"]
[BlackFideId "13708694"]
[EventDate "2025.05.17"]

1. d4 Nf6 2. Nf3 d5 3. Bf4 Bf5 4. e3 e6 5. Bd3 Bxd3 6. Qxd3 Nbd7 7. Nbd2 Bd6 8.
Bg3 Qe7 9. O-O-O Bxg3 10. hxg3 c5 11. dxc5 Nxc5 12. Qb5+ Kf8 13. Kb1 Rc8 14. Ne1
Nfe4 15. Nxe4 Nxe4 16. Nd3 a6 17. Qa5 g6 18. f3 Nxg3 19. Rh3 Nf5 20. e4 Ne3 21.
Re1 d4 22. Reh1 Nc4 23. Qe1 Kg7 24. g4 e5 25. c3 Qg5 26. cxd4 exd4 27. f4 Qxg4
28. Rg3 Qe6 29. Ka1 Ne3 30. Rxe3 dxe3 31. Qxe3 h6 32. a3 Rce8 33. e5 Rd8 34. Nf2
Rd5 35. Ne4 Rhd8 36. Qc1 Qc6 37. Nc3 Rd2 38. Re1 Rh2 39. f5 gxf5 40. Qb1 Qf3 41.
e6 fxe6 42. Rxe6 Rh1 43. Re1 Rxe1 44. Qxe1 Kf7 45. Qh4 Rd6 46. Qc4+ Re6 47. Nd5
Qd1+ 48. Ka2 Rc6 0-1

[Event "8th Sharjah Masters 2025"]
[Site "Sharjah UAE"]
[Date "2025.05.18"]
[Round "2.23"]
[White "Movahed, Sina"]
[Black "Kozak, Adam"]
[Result "0-1"]
[WhiteTitle "GM"]
[BlackTitle "GM"]
[WhiteElo "2518"]
[BlackElo "2578"]
[WhiteFideId "42520835"]
[BlackFideId "753246"]
[EventDate "2025.05.17"]

1. e4 e5 2. Nf3 Nc6 3. Bb5 a6 4. Ba4 Nf6 5. O-O Be7 6. Re1 b5 7. Bb3 d6 8. c3
O-O 9. h3 Na5 10. Bc2 c5 11. d4 Qc7 12. d5 Nb7 13. Be3 Rb8 14. b4 a5 15. Nbd2
Bd7 16. a3 Ra8 17. Bd3 axb4 18. axb4 g6 19. Nf1 Nh5 20. Qd2 c4 21. Bc2 Rfc8 22.
Ng3 Nxg3 23. fxg3 Nd8 24. Qf2 Qb7 25. Ba7 Rc7 26. Bb6 Rcc8 27. Ra5 Ra6 28. Be3
Rxa5 29. bxa5 Qa6 30. Bb6 Nb7 31. Rf1 Rf8 32. h4 f6 33. h5 Nc5 34. Qe3 Kg7 35.
Bd1 Qc8 36. Be2 Na4 37. Kh2 Qb8 38. Ra1 Bd8 39. Bxd8 Qxd8 40. h6+ Kg8 41. a6 Qb6
42. Qxb6 Nxb6 43. Ra5 Na4 44. a7 Ra8 45. Ra6 Nxc3 46. Rb6 Rxa7 47. Rb8+ Kf7 48.
Rh8 g5 49. Nh4 gxh4 50. Bh5+ Ke7 51. Rxh7+ Kd8 52. gxh4 Nxe4 53. Rg7 Bf5 54.
Rxa7 c3 55. Ra8+ Ke7 56. Ra7+ Kd8 57. Bd1 Nf2 58. Bb3 Ng4+ 59. Kg3 Nxh6 60. Ra6
Ke7 61. Kf3 Bg4+ 62. Ke4 Nf5 63. Ra7+ Kd8 64. Kd3 Nxh4 65. Rg7 f5 66. g3 Nf3 67.
Kxc3 Nd4 68. Ba2 Ne2+ 69. Kb4 Nd4 70. Ka5 e4 71. Rg8+ Ke7 72. Kb4 e3 73. Kc3 e2
74. Kd2 Nc2 0-1